[Event "CAN-ch U20 2008"]
[Site "Toronto CAN"]
[Date "2008.05.11"]
[Round "4"]
[White "Kraiouchkine, Nikita"]
[Black "Ye, Ling Feng"]
[Result "1/2-1/2"]
[WhiteElo "2122"]
[BlackElo "2192"]
[PlyCount "64"]
[EventDate "2008.05.09"]
[EventType "swiss"]
[EventRounds "9"]
[EventCountry "CAN"]

1. e4 c5 2. Nf3 e6 3. d4 cxd4 4. Nxd4 a6 5. c4 Nf6 6. Nc3 d6 7. f4 Be7 8. Be2
Qc7 9. Be3 b6 10. a3 Bb7 11. Qd3 Nbd7 12. b4 O-O 13. O-O Rac8 14. Rac1 Rfe8 15.
g4 Nf8 16. g5 N6d7 17. Nf3 f6 18. h4 fxg5 19. hxg5 Ng6 20. Nd4 Ndf8 21. Bg4
Qxc4 22. Qxc4 Rxc4 23. Nxe6 b5 24. Nxf8 Bxf8 25. Bf3 Nh4 26. Bh1 Nf5 27. Bf2
Nd4 28. Bxd4 Rxd4 29. Rfd1 Rc4 30. Bg2 Rec8 31. Ne2 g6 32. Kf2 Kf7 1/2-1/2

[Event "CAN-ch U20 2008"]
[Site "Toronto CAN"]
[Date "2008.05.11"]
[Round "5"]
[White "Kraiouchkine, Nikita"]
[Black "Kaminski, Victor"]
[Result "1-0"]
[WhiteElo "2122"]
[BlackElo "2285"]
[PlyCount "84"]
[EventDate "2008.05.09"]
[EventType "swiss"]
[EventRounds "9"]
[EventCountry "CAN"]

1. e4 c5 2. Nc3 Nc6 3. g3 g6 4. Bg2 Bg7 5. Nge2 d6 6. d3 e6 7. Be3 Nd4 8. Rb1
Ne7 9. a3 a5 10. Qd2 a4 11. O-O O-O 12. Nd1 d5 13. Nxd4 cxd4 14. Bh6 Qa5 15.
Qxa5 Rxa5 16. Bd2 Rb5 17. b3 Re8 18. Rb2 Bd7 19. bxa4 Rxb2 20. Nxb2 Rc8 21. Rc1
dxe4 22. Bxe4 Nd5 23. a5 Bb5 24. a4 Ba6 25. Bxd5 exd5 26. Bb4 Bf8 27. Bxf8 Kxf8
28. Kf1 Rc5 29. Ke2 Rxa5 30. c3 dxc3 31. Rxc3 d4 32. Rc7 Re5+ 33. Kf3 Rf5+ 34.
Kg2 Ke8 35. f4 Kd8 36. Rc2 b6 37. Kf3 Bb7+ 38. Ke2 Ra5 39. Rc4 Bd5 40. Rb4 Kc7
41. Nc4 g5 42. fxg5 Bc6 1-0

[Event "CAN-ch U20 2008"]
[Site "Toronto CAN"]
[Date "2008.05.01"]
[Round "7"]
[White "Wang, Jesse BJ"]
[Black "Kraiouchkine, Nikita"]
[Result "0-1"]
[WhiteElo "1891"]
[BlackElo "2122"]
[PlyCount "94"]
[EventDate "2008.05.09"]
[EventType "swiss"]
[EventRounds "9"]
[EventCountry "CAN"]

1. e4 e5 2. Nf3 Nc6 3. Bb5 f5 4. Nc3 fxe4 5. Nxe4 d5 6. Ng3 Qf6 7. d4 e4 8. Ne5
a6 9. Nh5 Qf5 10. Bxc6+ bxc6 11. Nxc6 Qg6 12. Ne5 Qxg2 13. Ng3 Nf6 14. Bg5 Bd6
15. Bxf6 O-O 16. Qh5 Rxf6 17. Rf1 Be6 18. Qe2 Raf8 19. Nh5 Bxe5 20. dxe5 Rf3
21. Qxa6 Rxf2 22. Nf6+ R8xf6 23. exf6 Rxf1+ 24. Qxf1 Qxc2 25. fxg7 Kxg7 26. Qf2
Qxf2+ 27. Kxf2 d4 28. Rc1 Kf6 29. a4 Bg4 30. Rg1 e3+ 31. Ke1 Bh5 32. Rg3 Kf5
33. a5 Kf4 34. Rh3 Bf3 35. Rxf3+ Kxf3 36. a6 d3 37. a7 d2+ 38. Kd1 e2+ 39. Kxd2
Kf2 40. a8=Q e1=Q+ 41. Kc2 Qe2+ 42. Kc3 Qe5+ 43. Kc2 Qxh2 44. Qf8+ Kg2 45. Kb1
Qg3 46. Qe8 Kh2 47. Qe4 Qg6 0-1

[Event "CAN-ch U20 2008"]
[Site "Toronto CAN"]
[Date "2008.05.01"]
[Round "8"]
[White "Kraiouchkine, Nikita"]
[Black "Calugar, Arthur"]
[Result "1-0"]
[WhiteElo "2122"]
[BlackElo "2075"]
[PlyCount "81"]
[EventDate "2008.05.09"]
[EventType "swiss"]
[EventRounds "9"]
[EventCountry "CAN"]

1. e4 c5 2. Nc3 Nc6 3. g3 g6 4. Bg2 Bg7 5. Nge2 e5 6. Nd5 Nge7 7. Nec3 d6 8. d3
O-O 9. O-O f5 10. f4 Nxd5 11. Nxd5 exf4 12. Nxf4 fxe4 13. Bxe4 Ne5 14. c3 Rb8
15. Be3 b5 16. Qb3+ Kh8 17. Ne6 Bxe6 18. Qxe6 Qc7 19. Bf4 Rf6 20. Qd5 Rbf8 21.
h3 Qd7 22. Kg2 Qf7 23. Qxf7 R6xf7 24. Be3 a6 25. Rxf7 Rxf7 26. a4 b4 27. cxb4
cxb4 28. Rc1 Nd7 29. Rc6 Nc5 30. Rxd6 Nxe4 31. dxe4 Bxb2 32. Bh6 Bf6 33. Rxa6
Bd8 34. Ra8 Rd7 35. Bg5 Kg7 36. Rxd8 Rb7 37. Rd2 Rc7 38. Rb2 Rc4 39. Kf3 Rc3+
40. Be3 b3 41. a5 1-0

[Event "CAN-ch U20 2008"]
[Site "Toronto CAN"]
[Date "2008.05.01"]
[Round "9"]
[White "Tayar, Jonathan"]
[Black "Kraiouchkine, Nikita"]
[Result "1-0"]
[WhiteElo "2343"]
[BlackElo "2122"]
[PlyCount "51"]
[EventDate "2008.05.09"]
[EventType "swiss"]
[EventRounds "9"]
[EventCountry "CAN"]

1. e4 e5 2. Nf3 Nc6 3. Bc4 Nf6 4. Ng5 d5 5. exd5 Nd4 6. c3 b5 7. Bf1 Nxd5 8.
Ne4 Qh4 9. Ng3 Bg4 10. f3 Nf5 11. Bxb5+ Kd8 12. O-O Nxg3 13. hxg3 Qf6 14. d4
Be6 15. c4 exd4 16. cxd5 Bxd5 17. Nc3 Bb7 18. Ne4 Qb6 19. Bd3 h6 20. Qb3 Qxb3
21. axb3 f5 22. Nd2 Bd6 23. Kf2 g6 24. Nc4 Bc5 25. Bf4 Bd5 26. Ra5 1-0

[Event "Quebec-ch U18"]
[Site "Montreal CAN"]
[Date "2008.04.18"]
[Round "1"]
[White "Lepine, Cedric"]
[Black "Kraiouchkine, Nikita"]
[Result "0-1"]
[WhiteElo "1611"]
[BlackElo "2263"]
[PlyCount "73"]
[EventDate "2008.04.18"]
[EventType "tourn"]
[EventRounds "5"]
[EventCountry "CAN"]

1. Nf3 d5 2. c4 c6 3. e3 Nf6 4. d4 Bg4 5. Nc3 e6 6. Be2 Nbd7 7. Nd2 Bxe2 8.
Nxe2 Bd6 9. a3 Ng4 10. Ng3 f5 11. c5 Bc7 12. b4 h5 13. Qe2 h4 14. Ngf1 a5 15.
f3 Ngf6 16. Bb2 axb4 17. axb4 Rxa1+ 18. Bxa1 Qa8 19. Bc3 Qa2 20. Qd1 Kf7 21.
Qa1 Qxa1+ 22. Bxa1 Ra8 23. Nb3 Ra4 24. Bc3 Nb8 25. Nc1 Na6 26. Nd3 Ra3 27. Kd2
Ra2+ 28. Ke1 Rxg2 29. Nf2 g5 30. h3 Bg3 31. Nxg3 hxg3 32. Nd1 Nh5 33. Bd2 Rh2
34. Rg1 f4 35. e4 dxe4 36. fxe4 f3 37. Rf1 0-1

[Event "Quebec-ch U18"]
[Site "Montreal CAN"]
[Date "2008.04.19"]
[Round "2"]
[White "Deschenes, Marc-Andre"]
[Black "Kraiouchkine, Nikita"]
[Result "0-1"]
[WhiteElo "1655"]
[BlackElo "2263"]
[PlyCount "88"]
[EventDate "2008.04.18"]
[EventType "tourn"]
[EventRounds "5"]
[EventCountry "CAN"]

1. e4 e5 2. Nf3 Nc6 3. Bc4 Nf6 4. d3 Be7 5. c3 d6 6. h3 O-O 7. O-O Na5 8. Bb5
a6 9. Ba4 b5 10. Bc2 c5 11. d4 Qc7 12. Qe2 Bb7 13. dxe5 dxe5 14. Bg5 h6 15.
Bxf6 Bxf6 16. Nbd2 Bc6 17. Rfd1 Nb7 18. Nf1 Nd6 19. Ng3 g6 20. b3 Kh7 21. Rd2
Rfd8 22. Nh2 Bg5 23. Rdd1 Bf4 24. Ngf1 h5 25. Nf3 f6 26. g3 Bh6 27. N3h2 Rd7
28. f3 c4 29. b4 Qa7+ 30. Kg2 Rad8 31. a4 bxa4 32. Bxa4 Bxa4 33. Rxa4 Nb5 34.
Rxd7+ Qxd7 35. Rxa6 Qd3 36. Qb2 Bd2 37. Nxd2 Qe2+ 38. Kg1 Rxd2 39. Qxd2 Qxd2
40. Rxf6 Qxc3 41. g4 Qxb4 42. gxh5 gxh5 43. Rf5 c3 44. Rxh5+ Kg6 0-1

[Event "Quebec-ch U18"]
[Site "Montreal CAN"]
[Date "2008.04.19"]
[Round "3"]
[White "Kraiouchkine, Nikita"]
[Black "Roy, Myriam"]
[Result "1-0"]
[WhiteElo "2261"]
[BlackElo "1892"]
[PlyCount "155"]
[EventDate "2008.04.18"]
[EventType "tourn"]
[EventRounds "5"]
[EventCountry "CAN"]

1. e4 c5 2. Nc3 Nc6 3. g3 e6 4. Bg2 d6 5. Nge2 Nf6 6. d3 Be7 7. O-O O-O 8. f4
d5 9. h3 d4 10. Nb1 Ne8 11. Nd2 e5 12. Nf3 Bd6 13. f5 f6 14. h4 g6 15. Bh3 Ne7
16. Nh2 Ng7 17. Bh6 gxf5 18. Bxg7 Kxg7 19. exf5 Kh8 20. g4 Nd5 21. Qd2 Ne3 22.
Rf2 Rg8 23. Ng3 Qe7 24. Qe2 Qg7 25. Ne4 Be7 26. Kh1 Qh6 27. h5 Bd7 28. Nf1 Nd5
29. Bg2 Nf4 30. Qd1 Nxg2 31. Rxg2 Rg7 32. Qf3 Rag8 33. Nh2 Bc6 34. Rag1 Qf4 35.
Qxf4 exf4 36. Rf1 Bxe4 37. dxe4 Bd6 38. Kg1 f3 39. Rxf3 Bxh2+ 40. Kxh2 Rxg4 41.
Re2 Re8 42. Ra3 Rgxe4 43. Rxe4 Rxe4 44. Rxa7 Re2+ 45. Kg3 Rxc2 46. h6 Kg8 47.
Rxb7 Rc1 48. Rg7+ Kh8 49. Rf7 Rg1+ 50. Kf2 Rg8 51. Rxf6 Rd8 52. Ke2 Kg8 53. Rc6
Rd5 54. Rf6 Rd7 55. Kd2 Ra7 56. a3 Rb7 57. Kc2 c4 58. Rd6 d3+ 59. Kc3 Rb3+ 60.
Kxc4 Rxb2 61. Rxd3 Rh2 62. Rd6 Kf7 63. Rd7+ Kg8 64. Rg7+ Kh8 65. Rd7 Kg8 66. a4
Rxh6 67. a5 Rf6 68. Rd5 h5 69. Kd4 h4 70. Ke3 h3 71. Kf2 h2 72. Kg2 Rh6 73. Kh1
Kf7 74. Rb5 Ke7 75. Rb6 Rh8 76. a6 Kf7 77. a7 Ra8 78. Ra6 1-0

[Event "Quebec-ch U18"]
[Site "Montreal CAN"]
[Date "2008.04.20"]
[Round "4"]
[White "Ye, Ling Feng"]
[Black "Kraiouchkine, Nikita"]
[Result "1-0"]
[WhiteElo "2201"]
[BlackElo "2263"]
[PlyCount "109"]
[EventDate "2008.04.18"]
[EventType "tourn"]
[EventRounds "5"]
[EventCountry "CAN"]

1. e4 e5 2. Nf3 Nc6 3. Bb5 f5 4. Nc3 fxe4 5. Nxe4 d5 6. Nxe5 dxe4 7. Nxc6 Qd5
8. c4 Qd6 9. Nxa7+ Bd7 10. Bxd7+ Qxd7 11. Qh5+ g6 12. Qe5+ Kf7 13. Nb5 c6 14.
Qd4 Rd8 15. Qxd7+ Rxd7 16. Nc3 Nf6 17. O-O Bc5 18. a3 Rd3 19. Re1 Re8 20. Re2
Bd4 21. h3 Re5 22. b4 Nh5 23. Rb1 Ng3 24. Re1 Rf5 25. Nd1 Rg5 26. Ne3 Nf5 27.
Nxf5 gxf5 28. Bb2 Bxb2 29. Rxb2 Rxa3 30. Re3 Ra1+ 31. Kh2 Rc1 32. d3 Rc3 33.
dxe4 Rxe3 34. fxe3 fxe4 35. Rf2+ Ke6 36. Rf4 Re5 37. Rh4 h5 38. g4 hxg4 39.
Rh6+ Kd7 40. hxg4 b5 41. c5 Rd5 42. Kg3 Rd1 43. Kf4 Rb1 44. Rd6+ Ke7 45. Rd4
Kf6 46. g5+ Kf7 47. Kxe4 Re1 48. Rd7+ Kg6 49. Rd6+ Kxg5 50. Rxc6 Rb1 51. Rb6
Rxb4+ 52. Kd5 Rb1 53. c6 b4 54. c7 Rd1+ 55. Kc6 1-0

[Event "Quebec-ch U18"]
[Site "Montreal CAN"]
[Date "2008.04.20"]
[Round "5"]
[White "Kraiouchkine, Nikita"]
[Black "Nunez-Painchaud, Raphael"]
[Result "1-0"]
[WhiteElo "2263"]
[BlackElo "1637"]
[PlyCount "79"]
[EventDate "2008.04.18"]
[EventType "tourn"]
[EventRounds "5"]
[EventCountry "CAN"]

1. e4 c5 2. Nc3 g6 3. g3 Nc6 4. Bg2 Bg7 5. Nge2 d6 6. d3 Nf6 7. O-O O-O 8. h3
Rb8 9. Be3 Bd7 10. Qd2 b5 11. Bh6 b4 12. Nd1 a5 13. Bxg7 Kxg7 14. Ne3 a4 15. f4
Qa5 16. Nc4 Qc7 17. Qe3 Na5 18. e5 dxe5 19. fxe5 Ng8 20. Nxa5 Qxa5 21. Nf4 Rbc8
22. e6 fxe6 23. Nxe6+ Bxe6 24. Qxe6 Qc7 25. Kh2 Rf6 26. Rxf6 exf6 27. Re1 Rd8
28. Bd5 Nh6 29. Qc6 Qd6 30. Qxd6 Rxd6 31. Bc4 Rd7 32. Re8 Nf5 33. Be6 Re7 34.
Rxe7+ Nxe7 35. a3 Nc6 36. Bd7 bxa3 37. bxa3 Nd4 38. Bxa4 Nf3+ 39. Kg2 Nd2 40.
Bc6 1-0

[Event "Mauricie op"]
[Site "Trois-Rivieres CAN"]
[Date "2008.03.28"]
[Round "1"]
[White "Kraiouchkine, Nikita"]
[Black "Morissette, Jean"]
[Result "1-0"]
[WhiteElo "2243"]
[BlackElo "2000"]
[PlyCount "61"]
[EventDate "2008.03.28"]
[EventType "swiss"]
[EventRounds "5"]
[EventCountry "CAN"]

1. e4 Nf6 2. Nc3 d5 3. e5 Nfd7 4. d4 e6 5. Nce2 c5 6. c3 Nc6 7. f4 Qb6 8. Nf3
Be7 9. a3 O-O 10. f5 exf5 11. Nf4 Re8 12. Nxd5 Qa5 13. Bc4 cxd4 14. b4 Bxb4 15.
cxb4 Nxb4 16. Nxb4 Qc5 17. Qxd4 Rxe5+ 18. Kf2 Nf6 19. Bxf7+ Kf8 20. Qxc5+ Rxc5
21. Bb3 a5 22. Na2 a4 23. Bd1 Ne4+ 24. Kg1 Be6 25. Be3 Rb5 26. Nd4 Rb6 27. Nb4
Bc4 28. Rc1 Bb5 29. Bf3 Re8 30. Nd5 Rd6 31. Nc7 1-0

[Event "Mauricie op"]
[Site "Trois-Rivieres CAN"]
[Date "2008.03.29"]
[Round "2"]
[White "Dorion, Francois"]
[Black "Kraiouchkine, Nikita"]
[Result "0-1"]
[WhiteElo "1767"]
[BlackElo "2243"]
[PlyCount "76"]
[EventDate "2008.03.28"]
[EventType "swiss"]
[EventRounds "5"]
[EventCountry "CAN"]

1. e4 e5 2. Be2 Nf6 3. Nc3 Bb4 4. d3 d5 5. Bd2 Nc6 6. Nf3 h6 7. a3 Be7 8. exd5
Nxd5 9. O-O Be6 10. d4 exd4 11. Nxd5 Qxd5 12. Bf4 O-O-O 13. b4 Bf6 14. Rb1 g5
15. Bg3 h5 16. Nxg5 Qxg5 17. h4 Qg6 18. b5 Ne7 19. Qd2 Rde8 20. Bf3 Nf5 21. Qa5
Nxg3 22. Qxa7 Ne4 23. Qa8+ Kd7 24. Qxb7 Nd2 25. Bc6+ Ke7 26. Qxc7+ Kf8 27. Rfe1
Nxb1 28. b6 Bxh4 29. b7 Kg7 30. Qf4 Qf6 31. Qxf6+ Bxf6 32. Rxb1 Be5 33. a4 Kf6
34. a5 h4 35. a6 Bb8 36. Rd1 h3 37. g3 h2+ 38. Kh1 Ba7 0-1

[Event "Mauricie op"]
[Site "Trois-Rivieres CAN"]
[Date "2008.03.29"]
[Round "3"]
[White "Kraiouchkine, Nikita"]
[Black "Voloaca, Mihnea"]
[Result "1/2-1/2"]
[WhiteElo "2243"]
[BlackElo "2317"]
[PlyCount "109"]
[EventDate "2008.03.28"]
[EventType "swiss"]
[EventRounds "5"]
[EventCountry "CAN"]

1. e4 e5 2. Nf3 Nf6 3. Nc3 Nc6 4. d4 exd4 5. Nd5 Nxe4 6. Qe2 f5 7. Ng5 d3 8.
cxd3 Nd4 9. Qh5+ g6 10. Qh4 c6 11. dxe4 cxd5 12. exd5 Bg7 13. Kd1 h6 14. Nf3
Nxf3 15. Qxd8+ Kxd8 16. gxf3 g5 17. Rg1 Bd4 18. f4 g4 19. Bd3 d6 20. Rf1 Re8
21. Kc2 Bd7 22. Bd2 Ba4+ 23. Kb1 Rc8 24. Bb4 a6 25. Re1 Bxf2 26. Rxe8+ Kxe8 27.
Bxf5 Rc4 28. Bxd6 Rd4 29. Bc2 Bxc2+ 30. Kxc2 Rxd5 31. Be5 Kf7 32. Rf1 Bd4 33.
Bxd4 Rxd4 34. Kc3 Ra4 35. Rd1 Ke6 36. Rd8 Rxf4 37. Rb8 Rf7 38. Kd4 Rf2 39. Rxb7
Rxh2 40. Rb6+ Kf5 41. Rxa6 Rxb2 42. Rxh6 g3 43. Rh8 g2 44. Rg8 Kf4 45. a4 Kf3
46. Kc5 Ra2 47. Kb5 Ra1 48. a5 g1=Q 49. Rxg1 Rxg1 50. a6 Ra1 51. Kb6 Ke4 52. a7
Kd5 53. Kb7 Kd6 54. a8=Q Rxa8 55. Kxa8 1/2-1/2

[Event "Mauricie op"]
[Site "Trois-Rivieres CAN"]
[Date "2008.03.30"]
[Round "4"]
[White "Mai, Lloyd"]
[Black "Kraiouchkine, Nikita"]
[Result "0-1"]
[WhiteElo "2293"]
[BlackElo "2243"]
[PlyCount "150"]
[EventDate "2008.03.28"]
[EventType "swiss"]
[EventRounds "5"]
[EventCountry "CAN"]

1. e4 e5 2. Nf3 Nc6 3. d4 exd4 4. Bc4 Nf6 5. O-O Be7 6. Nxd4 Nxe4 7. Nf5 d5 8.
Nxg7+ Kf8 9. Bh6 Kg8 10. Bxd5 Nf6 11. Nc3 Nb4 12. Nh5 Nfxd5 13. Qf3 Qd6 14. Bg7
c6 15. Bxh8 Kxh8 16. Qxf7 Qg6 17. Qxg6 hxg6 18. Nxd5 Nxd5 19. Ng3 Bf6 20. c3
Bf5 21. Nxf5 gxf5 22. Rfe1 Kg7 23. Rad1 Kf7 24. c4 Nb6 25. b3 Re8 26. Rxe8 Kxe8
27. g3 Nd7 28. Kg2 Ke7 29. Kf3 Ke6 30. Kf4 Be5+ 31. Kg5 Bf6+ 32. Kh5 Be7 33. f4
Nf8 34. h3 Kf6 35. Kh6 a6 36. Kh5 b6 37. Rd3 a5 38. Rd1 Ne6 39. Rd7 Bc5 40. Kh6
Bf2 41. Rd3 Bc5 42. Kh7 Bb4 43. h4 Ng7 44. Kh6 Bc5 45. h5 Bb4 46. a4 Bc5 47.
Rd7 Ne6 48. Rd1 Bf2 49. Rd3 Nc5 50. Rd6+ Kf7 51. Rxc6 Ne6 52. Rd6 Bxg3 53. Rd7+
Kf6 54. Rb7 Bxf4+ 55. Kh7 Be3 56. Kg8 Ke5 57. h6 Bxh6 58. Rxb6 Be3 59. Rb5+ Nc5
60. Rxa5 Ke4 61. b4 Nd3 62. Rxf5 Kxf5 63. Kf7 Nxb4 64. Ke7 Ke5 65. Kd7 Kd4 66.
Kc7 Kxc4 67. a5 Kb5 68. Kb7 Kxa5 69. Kc7 Kb5 70. Kb7 Bb6 71. Ka8 Kc6 72. Kb8
Nd5 73. Ka8 Nc7+ 74. Kb8 Bc5 75. Kc8 Ba7 0-1

[Event "Mauricie op"]
[Site "Trois-Rivieres CAN"]
[Date "2008.03.30"]
[Round "5"]
[White "Kraiouchkine, Nikita"]
[Black "Kovalyov, Anton"]
[Result "0-1"]
[WhiteElo "2243"]
[BlackElo "2493"]
[PlyCount "78"]
[EventDate "2008.03.28"]
[EventType "swiss"]
[EventRounds "5"]
[EventCountry "CAN"]

1. e4 c5 2. Nc3 a6 3. g3 b5 4. Bg2 Bb7 5. Nge2 e6 6. O-O Nc6 7. f4 d6 8. f5 e5
9. d3 Nf6 10. Qd2 Be7 11. h3 h6 12. b3 Nd4 13. Nd1 d5 14. c3 Nc6 15. Nf2 d4 16.
c4 Nd7 17. h4 Qb6 18. Qc2 a5 19. Bd2 Ba6 20. a3 Rb8 21. Rab1 Rb7 22. Ra1 O-O
23. Kh2 a4 24. bxa4 bxc4 25. dxc4 Qb2 26. Ra2 Qxc2 27. Rxc2 Rb3 28. Ra1 Rfb8
29. Nc1 Rb2 30. Ra2 Rxa2 31. Nxa2 Nb6 32. Bf1 Nxa4 33. Nc1 Rb2 34. Bd3 Rxc2 35.
Bxc2 Nb6 36. Ncd3 Nxc4 37. Bc1 Nb6 38. a4 c4 39. Nb2 Nb4 0-1

[Event "Pere Noel"]
[Site "Montreal CAN"]
[Date "2007.12.27"]
[Round "2"]
[White "Prahov, Valentin"]
[Black "Kraiouchkine, Nikita"]
[Result "0-1"]
[WhiteElo "2175"]
[BlackElo "2081"]
[PlyCount "136"]
[EventDate "2007.12.26"]
[EventType "swiss"]
[EventRounds "5"]
[EventCountry "CAN"]

1. e4 e5 2. Nf3 Nc6 3. Bc4 Nf6 4. Ng5 d5 5. exd5 Nd4 6. c3 b5 7. Bf1 Nxd5 8.
cxd4 Qxg5 9. Bxb5+ Kd8 10. Qf3 Bb7 11. O-O Rb8 12. d3 Qg6 13. Qh3 Bc8 14. Qf3
Rxb5 15. a4 Bg4 16. Qg3 Rb3 17. Qxe5 c6 18. Nd2 Bd6 19. Qe4 Bf5 20. Qh4+ Be7
21. Qg3 Rxd3 22. Qb8+ Bc8 23. Nc4 Rxd4 24. b3 Qe6 25. Be3 Nxe3 26. fxe3 Rd5 27.
Qxa7 Bc5 28. Qxf7 Qxf7 29. Rxf7 Be7 30. e4 Rd3 31. Rc1 Be6 32. Rxg7 Bxc4 33.
Rxc4 c5 34. Rg3 Rxg3 35. hxg3 Rg8 36. Kf2 Bd6 37. e5 Bxe5 38. g4 Bd6 39. Kf3
Kd7 40. g3 Ke6 41. Rc1 Rb8 42. Rc3 Ke5 43. Rd3 Bf8 44. g5 Kf5 45. a5 Ra8 46.
Rd7 Kg6 47. Rb7 Rxa5 48. Kg4 Ra6 49. Rb8 Kf7 50. Kf5 Rg6 51. Rb7+ Be7 52. Kf4
Ke8 53. Rb8+ Kd7 54. Rh8 Bxg5+ 55. Kf5 Rg7 56. Ra8 Be7 57. Ra7+ Kd6 58. g4 Bf8
59. Ra8 Rf7+ 60. Ke4 Kc6 61. Ke5 Bd6+ 62. Ke6 Re7+ 63. Kf6 Rb7 64. Ra6+ Rb6 65.
Ra7 h6 66. Kg6 Bf4 67. Kf5 Bg5 68. Ra3 Kd5 0-1

[Event "Pere Noel"]
[Site "Montreal CAN"]
[Date "2007.12.28"]
[Round "3"]
[White "Voskanyan, Vahagn"]
[Black "Kraiouchkine, Nikita"]
[Result "0-1"]
[WhiteElo "2211"]
[BlackElo "2081"]
[PlyCount "66"]
[EventDate "2007.12.26"]
[EventType "swiss"]
[EventRounds "5"]
[EventCountry "CAN"]

1. c4 e5 2. Nc3 Nc6 3. g3 g6 4. Bg2 Bg7 5. Nf3 Nge7 6. d3 O-O 7. O-O d6 8. Rb1
h6 9. b4 f5 10. Bd2 Qe8 11. b5 Nd8 12. Ne1 Ne6 13. f4 g5 14. Nd5 gxf4 15. gxf4
Nxd5 16. Bxd5 c6 17. bxc6 bxc6 18. Bg2 Nxf4 19. Bxf4 exf4 20. Nc2 Bd7 21. Rxf4
Rb8 22. Rf2 c5 23. Bd5+ Kh8 24. Rg2 Ba4 25. Rxb8 Qxb8 26. e3 Qb2 27. h4 Rb8 28.
d4 cxd4 29. exd4 Qxa2 30. Qh5 Bxc2 31. Kh2 Qb2 32. Qe2 Qxd4 33. Qxc2 Be5+ 0-1

[Event "Pere Noel"]
[Site "Montreal CAN"]
[Date "2007.12.29"]
[Round "4"]
[White "Kraiouchkine, Nikita"]
[Black "Leveille, Francois"]
[Result "1-0"]
[WhiteElo "2081"]
[BlackElo "2322"]
[PlyCount "67"]
[EventDate "2007.12.26"]
[EventType "swiss"]
[EventRounds "5"]
[EventCountry "CAN"]

1. e4 e5 2. Nf3 Nf6 3. Nc3 d6 4. d4 exd4 5. Nxd4 Be7 6. Be2 O-O 7. O-O c5 8.
Nb3 Nc6 9. Bf4 a6 10. Bc4 b5 11. Bd5 Bb7 12. a3 Rc8 13. h3 Nxd5 14. Nxd5 Ne5
15. Nc1 Re8 16. Ne2 Bf8 17. f3 g6 18. Nec3 b4 19. Ne2 Bg7 20. c3 bxc3 21. Nexc3
Bc6 22. Qc2 Rb8 23. Ne3 Rxb2 24. Qxb2 Nd3 25. Qd2 Nxf4 26. Rac1 Qg5 27. Rfd1
Bd4 28. Kf1 Bb5+ 29. Nxb5 axb5 30. Nd5 Be5 31. Rb1 Ra8 32. Rxb5 Rxa3 33. Nxf4
Bxf4 34. Rb8+ 1-0

[Event "Pere Noel"]
[Site "Montreal CAN"]
[Date "2007.12.30"]
[Round "5"]
[White "Larochelle, Martial"]
[Black "Kraiouchkine, Nikita"]
[Result "0-1"]
[WhiteElo "2242"]
[BlackElo "2081"]
[PlyCount "44"]
[EventDate "2007.12.26"]
[EventType "swiss"]
[EventRounds "5"]
[EventCountry "CAN"]

1. Nf3 d5 2. d4 Nf6 3. c4 e6 4. Nc3 Bb4 5. Bg5 Nbd7 6. cxd5 exd5 7. Qc2 O-O 8.
a3 Bxc3+ 9. Qxc3 c5 10. dxc5 Qc7 11. Rc1 Ne4 12. Qc2 Ne5 13. Be3 Bf5 14. Nh4
Bd7 15. f3 Qa5+ 16. b4 Qxa3 17. fxe4 Qxe3 18. Qc3 Nd3+ 19. Qxd3 Qxc1+ 20. Kf2
Qf4+ 21. Nf3 dxe4 22. Qxd7 exf3 0-1

[Event "Myriam Roy II"]
[Site "Montreal CAN"]
[Date "2007.08.23"]
[Round "1"]
[White "Malveau, Cedric"]
[Black "Kraiouchkine, Nikita"]
[Result "0-1"]
[WhiteElo "2063"]
[BlackElo "2038"]
[PlyCount "100"]
[EventDate "2007.08.23"]
[EventType "tourn"]
[EventRounds "7"]
[EventCountry "CAN"]

1. d4 d5 2. Nf3 Nf6 3. c4 e6 4. Nc3 Bb4 5. cxd5 exd5 6. Bg5 Nbd7 7. Qc2 c5 8.
a3 Qa5 9. Bd2 O-O 10. e3 Re8 11. Be2 c4 12. O-O Bxc3 13. Bxc3 Qb6 14. Nd2 Nf8
15. h3 Ne6 16. b3 cxb3 17. Qxb3 Qxb3 18. Nxb3 Bd7 19. Rfc1 Ne4 20. Bb4 Ba4 21.
Na5 b6 22. Nc6 Kh8 23. Ba6 Bxc6 24. Rxc6 g6 25. Rac1 Kg7 26. f3 Ng3 27. Kf2 Nf5
28. Rc8 Raxc8 29. Rxc8 Rxc8 30. Bxc8 a5 31. Be1 Nd6 32. Bd7 Kf6 33. Ke2 Ke7 34.
Bc6 Nc4 35. a4 Nc7 36. Bg3 Nd6 37. Kd3 Na6 38. Be1 Ke6 39. e4 dxe4+ 40. fxe4 f6
41. d5+ Ke7 42. Kd4 Nc5 43. e5 fxe5+ 44. Kc3 Kf6 45. Bb5 Nxb5+ 46. axb5 Ne4+
47. Kd3 Nd6 48. Bf2 e4+ 49. Kd4 a4 50. Bg3 Nf5+ 0-1

[Event "Myriam Roy II"]
[Site "Montreal CAN"]
[Date "2007.08.24"]
[Round "2"]
[White "Kraiouchkine, Nikita"]
[Black "Libersan, Thierry"]
[Result "0-1"]
[WhiteElo "2038"]
[BlackElo "2027"]
[PlyCount "128"]
[EventDate "2007.08.23"]
[EventType "tourn"]
[EventRounds "7"]
[EventCountry "CAN"]

1. e4 c5 2. Nf3 e6 3. d4 cxd4 4. Nxd4 Nc6 5. Nc3 Qc7 6. Bc4 a6 7. Bb3 b5 8. O-O
Bb7 9. Be3 Nf6 10. a3 Na5 11. Qd3 Ng4 12. g3 Nxe3 13. Qxe3 Bc5 14. Qd3 h5 15.
Ba2 Nc6 16. Nf3 Ne5 17. Nxe5 Qxe5 18. Rad1 O-O-O 19. b4 Ba7 20. a4 h4 21. g4
Qf4 22. Qe2 Rh6 23. Kh1 Bc6 24. axb5 axb5 25. f3 Qe5 26. Qd3 g5 27. Bb3 Rhh8
28. Ra1 Bd4 29. f4 gxf4 30. Rf3 Kb7 31. Re1 f5 32. gxf5 Bxc3 33. Qxc3 Qxc3 34.
Rxc3 exf5 35. Bd5 fxe4 36. Bxe4 Rhe8 37. Bxc6+ dxc6 38. Rxe8 Rxe8 39. Rf3 Re4
40. c3 Kc7 41. Kg2 Kd6 42. Rh3 Kd5 43. Kf2 Kc4 44. Rf3 Kb3 45. Rh3 Rc4 46. Rxh4
Kxc3 47. Rg4 Rxb4 48. h4 Rb2+ 49. Kf3 b4 50. Rxf4 c5 51. Re4 b3 52. Re1 Rh2 53.
Kg3 Rxh4 54. Kxh4 Kd2 55. Rg1 c4 56. Rg2+ Kd3 57. Rg3+ Kd4 58. Rg4+ Kc5 59. Rg8
c3 60. Rg3 Kb4 61. Rg4+ Ka3 62. Rg1 b2 63. Rg3 Kb3 64. Rg1 c2 0-1

[Event "Myriam Roy II"]
[Site "Montreal CAN"]
[Date "2007.08.25"]
[Round "3"]
[White "Lacroix, Serge"]
[Black "Kraiouchkine, Nikita"]
[Result "1/2-1/2"]
[WhiteElo "2027"]
[BlackElo "2038"]
[PlyCount "60"]
[EventDate "2007.08.23"]
[EventType "tourn"]
[EventRounds "7"]
[EventCountry "CAN"]

1. d4 d5 2. c4 e6 3. Nc3 Nf6 4. Nf3 Bb4 5. Qa4+ Nc6 6. Ne5 Bd7 7. Nxd7 Qxd7 8.
e3 O-O 9. Bd2 Rad8 10. cxd5 Bxc3 11. bxc3 Qxd5 12. Rb1 a6 13. Qc4 Qg5 14. h4
Qg4 15. Qe2 Qf5 16. Qd3 Ne4 17. f3 Ng3 18. Qxf5 exf5 19. Rh3 Nxf1 20. Kxf1 b5
21. Ke2 Rfe8 22. Rhh1 Na5 23. a4 c6 24. axb5 axb5 25. Ra1 Nc4 26. Kd3 Re6 27.
Ra7 Rde8 28. Re1 Nb2+ 29. Kc2 Nc4 30. Kd3 Nb2+ 1/2-1/2

[Event "Myriam Roy II"]
[Site "Montreal CAN"]
[Date "2007.08.25"]
[Round "4"]
[White "Kraiouchkine, Nikita"]
[Black "Roy, Myriam"]
[Result "1-0"]
[WhiteElo "2038"]
[BlackElo "1925"]
[PlyCount "131"]
[EventDate "2007.08.23"]
[EventType "tourn"]
[EventRounds "7"]
[EventCountry "CAN"]

1. e4 e5 2. Nf3 Nc6 3. Bc4 Bc5 4. O-O Nf6 5. d3 h6 6. c3 Bb6 7. b4 a6 8. Qb3
O-O 9. Bb2 d6 10. Nbd2 Qe7 11. Rfe1 Nh5 12. d4 Qf6 13. b5 Na5 14. Qc2 Nf4 15.
bxa6 Qg6 16. g3 bxa6 17. Bf1 Re8 18. Nc4 Nxc4 19. Bxc4 Bg4 20. Re3 d5 21. Nh4
Qf6 22. Bxd5 Nxd5 23. exd5 exd4 24. cxd4 Bxd4 25. Bxd4 Qxd4 26. Rae1 Rxe3 27.
Rxe3 Qxd5 28. Ng2 c5 29. Rc3 Rc8 30. Ne3 Qh5 31. Nxg4 Qxg4 32. Rxc5 Rd8 33. Kg2
Qd4 34. Qc4 Kf8 35. Qxd4 Rxd4 36. Ra5 Rd6 37. Re5 Rd3 38. Ra5 Rd6 39. Kf3 Ke7
40. Ke4 Ke6 41. f4 g6 42. g4 Rb6 43. h4 Rb4+ 44. Ke3 Rb6 45. Kd3 Kd6 46. Kc4
Rc6+ 47. Kd4 Rb6 48. Ra4 Rc6 49. Rb4 Kc7 50. Rc4 Rxc4+ 51. Kxc4 Kc6 52. g5 hxg5
53. fxg5 Kd6 54. Kb4 Kc6 55. Ka5 Kb7 56. a4 Ka7 57. Kb4 Kb6 58. a5+ Kc6 59. Kc4
Kd6 60. Kd4 Kc6 61. Ke5 Kb5 62. Kf6 Kxa5 63. Kxf7 Kb5 64. Kxg6 a5 65. h5 a4 66.
h6 1-0